| 000 | 01417nam a2200313 a 4500 | ||
|---|---|---|---|
| 003 | CHAP | ||
| 005 | 20230615124249.0 | ||
| 007 | ta | ||
| 008 | 230614s1974 waua|||fr||||f001 0 eng d | ||
| 040 |
_amxchpua _cCHAP _erda |
||
| 050 | 1 | 0 |
_aC KF3841 _b.U55 1972 |
| 082 | 0 | 0 |
_aC 636.08 _bU55 1972 _220 |
| 110 | 1 |
_9187414 _aUnited States. Animal and Plant Health Inspection Service |
|
| 245 | 1 | 0 |
_aCode of Federal regulations 9: _banimals and animal products / |
| 250 | _a1a edición | ||
| 264 |
_aWashington, USA : _bOffice of the Federal Register National Archives and Records Service, _c1974 |
||
| 300 |
_avi, 694 páginas : _bilustraciones |
||
| 336 |
_2rdacontent _atexto _btxt |
||
| 337 |
_2rdamedia _asin medio _bn |
||
| 338 |
_2rdacarrier _avolumen _bnc |
||
| 650 | 1 | 3 |
_9187418 _aMantenimiento del bienestar animal _xLegislación _zEstados Unidos de América |
| 650 | 1 | 3 |
_9147937 _aIndustria del ganado y de la carne _xLegislación _zEstados Unidos de América |
| 650 | 1 | 7 |
_992040 _aProductos animales _xLegislación _zEstados Unidos de América |
| 650 | 1 | 3 |
_9187419 _aAnimal welfare _xLaw and legislation _zUnited States of America |
| 650 | 1 | 3 |
_9147938 _aLivestock and meat industry _xLaw and legislation _zUnited States of America |
| 650 | 1 | 3 |
_9187420 _aAnimal products _xLaw and legislation _zUnited States of America |
| 710 | 1 |
_9187414 _aUnited States. Animal and Plant Health Inspection Service |
|
| 942 |
_2ddc _cLibro |
||
| 999 |
_c218952 _d218952 |
||